005410000a220009700045001000027000002450072000273000035000995200287001346500013004217730009004341 aBaumann, Brechenmacher10aA educação musical a serviço da edificação de comunidades ano. 35 (Set., 2011), pág 3-6 aMúsica, culto e edificação de comunidade caminham de mãos dadas. Apartir de uma criteriosa pesquisa, o artigo aborda o papel da música na vida de culto de uma comunidade e o quanto o investimento em música pode contribuir para a edificação da comunidade e da igreja.14aLITURGIA0 tTEAR